00474pam a2200181 a 4500001000800000005001700008008004100025010001700066020002800083040002300111041000800134060002000142080001300162082002000175100000600195101000800201245008300209443232820180127052445.0940525s1995 paua 001 0 eng c a 94013093  a0397512775 (alk. paper) aDNLM/DLCcDLCdDLC aeng10aWL 17 J54a 1995 a611.810 00a611.810 JEN2201 a6 aANA10aAtlas of the human brain /cLothar Jennes, Harold H. Traurig, P. Michael Conn.